Druhý sud pušného prachu leží na západe Ukrajiny

Destabilizácia Ukrajiny sa preniesla z východných oblastí do západných. Zrážky ozbrojencov krajne pravicovej nacionalistickej organizácie Pravý sektor s odielmi polície i ukrajinskej tajnej služby v Mukačeve. Ukrajinské Zakarpatsko - krátka história a zloženie obyvateľstva. Autonomistické hnutia. Vn...

Full description

Saved in:
Bibliographic Details
Main Author: Pressburg, Adrian Peter
Format: Book Chapter
Language:Slovak
Subjects:
Tags: Add Tag
No Tags, Be the first to tag this record!

MARC

LEADER 00000naa a2200000 4500
001 0206049
005 20231113104051.7
041 0 |a slo 
044 |a SK 
245 1 0 |a Druhý sud pušného prachu leží na západe Ukrajiny  |c Adrian Peter Pressburg 
520 |a Destabilizácia Ukrajiny sa preniesla z východných oblastí do západných. Zrážky ozbrojencov krajne pravicovej nacionalistickej organizácie Pravý sektor s odielmi polície i ukrajinskej tajnej služby v Mukačeve. Ukrajinské Zakarpatsko - krátka história a zloženie obyvateľstva. Autonomistické hnutia. Vnútorná destabilizácia Ukrajiny. Pašerácke gangy. 
610 2 0 |a politika vnútorná 
610 2 0 |a politika medzinárodná 
610 2 0 |a konflikty 
610 2 0 |a národ 
610 2 0 |a národnosti 
610 2 0 |a Ukrajina 
610 2 0 |a Rusko 
100 1 |a Pressburg, Adrian Peter